000 00547nam a2200193Ia 4500
008 230125s9999 xx 000 0 und d
020 _a1-84112-345-5
041 _aeng
082 _a658.312 44
_bWEE
100 _aWeekes S
_9109387
245 _aE - People
260 _c2002
_bCapstone publication
_aLondon
300 _a104p
440 _aEssential Management Thinking At Your Fingertips Series
_9107434
500 _aSeries Book;People Series Book
700 _aWeekes S & Beagrie S
_9109388
906 _b24
999 _c86049
_d86049